Statistics for 50 Most Populous Countries

Click here to take the quiz!

General Stats

  • This quiz has been taken 1,305 times
  • The average score is 39 of 50

Answer Stats

Country Population% Correct
1,347,350,000China
100%
1,210,193,422 India
99%
314,838,000 United States
99%
193,946,886 Brazil
98%
143,300,000 Russia
97%
81,857,000 Germany
96%
112,336,538 Mexico
96%
62,262,000 United Kingdom
96%
65,350,000France
95%
237,641,326 Indonesia
95%
127,530,000 Japan
94%
181,337,000 Pakistan
93%
40,117,096 Argentina
92%
166,629,000 Nigeria
92%
51,770,560 South Africa
91%
82,886,000 Egypt
90%
60,849,247 Italy
90%
46,163,116 Spain
90%
75,149,669 Iran
88%
74,724,269 Turkey
86%
152,518,015 Bangladesh
85%
34,990,400 Canada
85%
46,803,000 Colombia
85%
69,575,000 Democratic Republic of the Congo
84%
50,004,441 South Korea
83%
65,479,453 Thailand
83%
87,840,000 Vietnam
83%
84,320,987 Ethiopia
82%
38,538,447 Poland
79%
45,560,272 Ukraine
79%
33,330,000 Iraq
78%
92,337,852 Philippines
78%
37,100,000 Algeria
77%
30,135,875 Peru
77%
28,376,355 Saudi Arabia
74%
28,946,101 Venezuela
73%
29,570,000 Malaysia
72%
38,610,097 Kenya
69%
30,894,000 Sudan
69%
48,724,000 Myanmar
65%
43,188,000 Tanzania
63%
25,500,100 Afghanistan
61%
32,741,100 Morocco
59%
24,554,000 North Korea
53%
34,131,400 Uganda
50%
24,658,823 Ghana
42%
23,700,715 Mozambique
42%
26,620,809 Nepal
38%
24,527,000 Yemen
36%
29,123,400 Uzbekistan
31%

Score Distribution

Percentile by Number Answered

Percent of People with Each Score

Your Score History

You have not taken this quiz